Az emberi erőforrás-gazdálkodás problémái és megoldási lehetőségei az Accor szállodacsoport példáján keresztül

Bibliográfiai részletek
Szerző: Kapitány Klaudia
További közreműködők: Debreceni János
Dokumentumtípus: Diplomadolgozat
Kulcsszavak:Emberi erőforrás gazdálkodás
Munkaerő-piac
munkaerő hiány
Accor szállodacsoport
Munkabér
Online Access:http://dolgozattar.uni-bge.hu/8460

MARC

LEADER 00000nta a2200000 i 4500
001 dolg8460
005 20170214152540.0
008 161209suuuu hu om 000 hun d
040 |a BGE Dolgozattár Repozitórium  |b hun 
041 |a hu 
100 1 |a Kapitány Klaudia 
245 1 3 |a Az emberi erőforrás-gazdálkodás problémái és megoldási lehetőségei az Accor szállodacsoport példáján keresztül  |c Kapitány Klaudia  |h [elektronikus dokumentum] 
695 |a Emberi erőforrás gazdálkodás 
695 |a Munkaerő-piac 
695 |a munkaerő hiány 
695 |a Accor szállodacsoport 
695 |a Munkabér 
700 1 |a Debreceni János  |e ths 
856 4 0 |u http://dolgozattar.uni-bge.hu/8460/1/Kapit%C3%A1ny%20Klaudia%20%28IWCMJY%29.pdf  |z Dokumentum-elérés